Breve historia de China
Збережено в:
| Автори: | , |
|---|---|
| Формат: | Книга |
| Мова: | Іспанська |
| Опубліковано: |
Buenos Aires
Espasa-Calpe
1950
|
| Серія: | Colección Austral, 994
|
| Предмети: | |
| Теги: |
Додати тег
Немає тегів, Будьте першим, хто поставить тег для цього запису!
|
MARC
| LEADER | 00000nam a2200000 a 4500 | ||
|---|---|---|---|
| 001 | UCO2244 | ||
| 003 | CL-VaPUC | ||
| 008 | 000602e19500000AG |||||||||||||||||spa|d | ||
| 082 | 0 | 4 | |a 951 |b LAT |2 21 |
| 100 | |a Lattimore, Owen |e author |9 445222 | ||
| 700 | 0 | |a Lattimore, Eleanor |e author |9 445219 | |
| 245 | 1 | 0 | |a Breve historia de China |
| 300 | |a 206 p | ||
| 942 | |c BK | ||
| 945 | |d 20000602 00:00:00 |a rherrera | ||
| 260 | |a Buenos Aires |b Espasa-Calpe |c 1950 | ||
| 650 | 0 | |a Historia de China |9 434737 | |
| 650 | 7 | |a ORIGENES |2 CL-VaPUC |9 367418 | |
| 650 | 7 | |a IMPERIO MANCHU |2 CL-VaPUC |9 445201 | |
| 650 | 7 | |a DINASTIAS CHINAS |2 CL-VaPUC |9 445220 | |
| 650 | 7 | |a REVOLUCION CHINA |2 CL-VaPUC |9 387706 | |
| 650 | 7 | |a REPUBLICA POPULAR CHINA |2 CL-VaPUC |9 445221 | |
| 651 | 0 | |a China |9 257545 | |
| 583 | |a last modification |c 20000602 00:00:00 |k Rodrigo Vera | ||
| 490 | 0 | |a Colección Austral, 994 | |
| 999 | |c 288781 |d 288779 | ||
| 952 | |0 0 |1 0 |4 0 |6 951_000000000000000_LAT_1950 |7 0 |8 A |9 336701 |a BIBHIS |b BIBHIS |d 2019-11-20 |i 1283987 |l 1 |o 951 LAT 1950 |p 1283987 |r 2025-01-20 |s 2022-11-14 |w 2019-11-20 |y BK |k HIS | ||